Pokemonattacken der 3. Generation - Statistiken

Allgemein
  • Dieses Quiz wurde 201 mal gespielt
  • Das Durchschnittsergebnis liegt bei 49 aus 103
Antwortstatistiken
Antwort % Korrekt
Taucher
83%
Feuerfeger
76%
Felsgrab
69%
Protzer
69%
Hitzekoller
68%
Aero-Ass
67%
Aquawelle
67%
Gedankengut
65%
Aquahaubitze
64%
Drachenklaue
64%
Drachentanz
64%
Schockwelle
64%
Himmelhieb
63%
Lehmschuss
62%
Lehmbrühe
60%
Lohekanonade
60%
Verhöhner
59%
Eiseskälte
58%
Kugelsaat
58%
Laubklinge
58%
Fauna-Statue
56%
Jauler
56%
Scheinwerfer
56%
Frostbeule
55%
Horter
55%
Sandgrab
55%
Entfessler
54%
Tagedieb
54%
Fassade
53%
Fontränen
53%
Verwurzler
53%
Volttackle
53%
Zauberblatt
53%
Armstoß
51%
Felswurf
51%
Irrlicht
51%
Mogelhieb
51%
Nebelball
51%
Riechsalz
51%
Verzehrer
51%
Nietenranke
50%
Wunschtraum
50%
Zermalmklaue
50%
Durchbruch
49%
Finsterfaust
47%
Giftschweif
47%
Hitzewelle
47%
Ladevorgang
47%
Meteorologe
47%
Nassmacher
47%
Schallwelle
47%
Abschlag
46%
Eisenabwehr
46%
Eisspeer
46%
Erstauner
46%
Eruption
46%
Kismetwunsch
46%
Kosmik-Kraft
46%
Lehmsuhler
46%
Rechte Hand
46%
Übernahme
46%
Aufruhr
45%
Power-Punch
45%
Zuschuss
45%
Bezirzer
44%
Folterknecht
44%
Giftzahn
44%
Hagelsturm
44%
Psyschub
44%
Metallsound
42%
Natur-Kraft
42%
Begrenzer
41%
Geheimpower
41%
Heilung
41%
Notsituation
41%
Sprungfeder
41%
Tarnung
41%
Windschnitt
41%
Kraftkoloss
40%
Rückentzug
40%
Schweifglanz
40%
Silberhauch
40%
Vergeltung
40%
Wertewechsel
40%
Rollentausch
37%
Spaßkanone
37%
Spotlight
37%
Sternenhieb
37%
Trickbetrug
37%
Ampellleuchte
36%
Memento-Mori
36%
Schnüffler
36%
Aufbereitung
35%
Schmeichler
33%
Trugträne
32%
Taumeltanz
31%
Aromakur
29%
Gähner
29%
Daunenreigen
28%
Grasflöte
26%
Magiemantel
26%
Sondersensor
23%
Nachspiel
22%
Keine übereinstimmenden Quizze gefunden
Verteilung der Resultate
Anzahl Personen mit jedem Resultat
Perzentil nach korrekt beantworteten Fragen
Ihre Resultats-Entwicklung
Sie haben dieses Quiz noch nicht gespielt